Cities and states that have a team for each sport - Statistics

General Stats
  • This quiz has been taken 25 times
  • The average score is 11 of 11
Answer Stats
Sports Answer % Correct
Thrashers, Hawks, Falcons and Braves Atlanta
100%
Patriots, Celtics, Bruins and Red Sox Boston
100%
Bears, Blackhawks, Bulls and White sox Chicago
100%
Aeros, Rockets, Astros and Texans Houston
100%
Kings, Lakers, Dodgers and Rams Los Angeles
100%
Jets, Mets, Knicks and Rangers New York
100%
Flyers, Phillies, 76ers and Eagles Philadelphia
100%
Red Wings, Pistons, Lions and Tigers Detroit
96%
Panthers, Heat, Marlins and Dolphins Miami
96%
Commanders, Nationals, Capitals and Wizards Washington
96%
Barons, Cavaliers, Browns, Guardians Cleveland
88%
No matching quizzes found
Score Distribution
Percent of People with Each Score
Percentile by Number Answered
Your Score History
You have not taken this quiz